000
00236nam a2200085Ia 4500
245
0
_a
Engineering Science N4
100
_a
Van Rensburg, M JJ South Africa, c.2013
_9
48613
942
_c
BK
008
210817s9999 xx 000 0 und d
999
_c
261764
_d
261765